00473nam a2200169Ia 450000100060000000800410000602000180004704000130006508200190007810000200009724500970011726000330021430000110024754600070025865000200026570000180028545908140428s9999 xx 000 0 und d a9781439803158 cPK-LaUMT a 004.678bCLO- aIlyas, Muhammad aCloud computing and software servicesbtheory and techniquescIlyas, Muhammad<>Syed A. Ahson aLondon,UK:bCRC Press,c2011 a442 p. aEN aCloud computing aSyed A. Ahson